<?xml version="1.0" encoding="UTF-8"?>
<record
    xmlns:xsi="http://www.w3.org/2001/XMLSchema-instance"
    xsi:schemaLocation="http://www.loc.gov/MARC21/slim http://www.loc.gov/standards/marcxml/schema/MARC21slim.xsd"
    xmlns="http://www.loc.gov/MARC21/slim">

  <leader>01379nam a22003017a 4500</leader>
  <controlfield tag="005">20170106020002.0</controlfield>
  <controlfield tag="008">150625b2015    ck |||||r|||| 00| 0 spa d</controlfield>
  <datafield tag="020" ind1=" " ind2=" ">
    <subfield code="a">9789588917160</subfield>
  </datafield>
  <datafield tag="040" ind1=" " ind2=" ">
    <subfield code="a">CO-BoIAVH</subfield>
    <subfield code="c">CO-BoIAVH</subfield>
  </datafield>
  <datafield tag="041" ind1=" " ind2=" ">
    <subfield code="a">spa</subfield>
  </datafield>
  <datafield tag="044" ind1=" " ind2=" ">
    <subfield code="a">ck</subfield>
  </datafield>
  <datafield tag="090" ind1=" " ind2=" ">
    <subfield code="a">K-</subfield>
    <subfield code="b">0002</subfield>
  </datafield>
  <datafield tag="100" ind1="1" ind2=" ">
    <subfield code="a">Guevara-Gonz&#xE1;lez, Gloria Diva</subfield>
    <subfield code="9">29227</subfield>
  </datafield>
  <datafield tag="245" ind1="1" ind2=" ">
    <subfield code="a">Entre patas y manos</subfield>
    <subfield code="b">por el bienestar animal</subfield>
    <subfield code="c">Guevara-Gonz&#xE1;lez, Gloria Diva</subfield>
  </datafield>
  <datafield tag="260" ind1=" " ind2=" ">
    <subfield code="a">Bogot&#xE1;:</subfield>
    <subfield code="b">Secretaria de Educaci&#xF3;n de Bogot&#xE1;,</subfield>
    <subfield code="c">2015.</subfield>
  </datafield>
  <datafield tag="300" ind1=" " ind2=" ">
    <subfield code="a">127 p.</subfield>
    <subfield code="b">il., col.</subfield>
    <subfield code="c">44x28x5 cm.</subfield>
    <subfield code="e">Libro, CD- ROM, Colores, Rompecabezas, Loteria, Stickers de Animales.</subfield>
  </datafield>
  <datafield tag="500" ind1=" " ind2=" ">
    <subfield code="a"> Juego para ni&#xF1;as y ni&#xF1;os de animales con distintas herramientas did&#xE1;cticas.</subfield>
  </datafield>
  <datafield tag="650" ind1="1" ind2=" ">
    <subfield code="a">Animales dom&#xE9;sticos</subfield>
    <subfield code="x">Material did&#xE1;ctico</subfield>
    <subfield code="9">49326</subfield>
  </datafield>
  <datafield tag="650" ind1="1" ind2=" ">
    <subfield code="a">Animales dom&#xE9;sticos</subfield>
    <subfield code="x">Juego educativo</subfield>
    <subfield code="9">49327</subfield>
  </datafield>
  <datafield tag="650" ind1="1" ind2=" ">
    <subfield code="a">Protecci&#xF3;n animal</subfield>
    <subfield code="x">Juego educativo</subfield>
    <subfield code="9">49328</subfield>
  </datafield>
  <datafield tag="650" ind1="1" ind2=" ">
    <subfield code="a">Protecci&#xF3;n animal</subfield>
    <subfield code="x">Material did&#xE1;ctico</subfield>
    <subfield code="9">49329</subfield>
  </datafield>
  <datafield tag="700" ind1="1" ind2=" ">
    <subfield code="a">Quiroz Manrique, Gloria Stella</subfield>
    <subfield code="e">Editora</subfield>
    <subfield code="9">34877</subfield>
  </datafield>
  <datafield tag="700" ind1="1" ind2=" ">
    <subfield code="a">Camrago Casallas, Norma Constanza</subfield>
    <subfield code="e">Editora</subfield>
    <subfield code="9">34878</subfield>
  </datafield>
  <datafield tag="700" ind1="1" ind2=" ">
    <subfield code="a">Ni&#xF1;o Rocha, Nelly</subfield>
    <subfield code="e">Editora</subfield>
    <subfield code="9">34879</subfield>
  </datafield>
  <datafield tag="700" ind1="1" ind2=" ">
    <subfield code="a">Garcia Beltr&#xE1;n, Lucy</subfield>
    <subfield code="e">Editora</subfield>
    <subfield code="9">34880</subfield>
  </datafield>
  <datafield tag="856" ind1=" " ind2=" ">
    <subfield code="u">http://www.redacademica.edu.co/archivos/redacademica/proyectos/pecc/centro_documentacion/caja_de_herramientas/serie_2_metodologias/entre_patas_y_manos.pdf</subfield>
  </datafield>
  <datafield tag="942" ind1=" " ind2=" ">
    <subfield code="2">ddc</subfield>
    <subfield code="c">MX</subfield>
    <subfield code="0">1</subfield>
  </datafield>
  <datafield tag="999" ind1=" " ind2=" ">
    <subfield code="c">17483</subfield>
    <subfield code="d">17483</subfield>
  </datafield>
  <datafield tag="952" ind1=" " ind2=" ">
    <subfield code="0">0</subfield>
    <subfield code="1">0</subfield>
    <subfield code="2">ddc</subfield>
    <subfield code="4">0</subfield>
    <subfield code="7">0</subfield>
    <subfield code="8">HEMEROTECA</subfield>
    <subfield code="a">Bogota</subfield>
    <subfield code="b">Bogota</subfield>
    <subfield code="d">2015-06-25</subfield>
    <subfield code="l">1</subfield>
    <subfield code="o">K-0002</subfield>
    <subfield code="p">039099</subfield>
    <subfield code="r">2017-01-05 00:00:00</subfield>
    <subfield code="s">2017-01-05</subfield>
    <subfield code="t">Ej. 1</subfield>
    <subfield code="w">2015-06-25</subfield>
    <subfield code="x">Donaci&#xF3;n</subfield>
    <subfield code="y">MX</subfield>
    <subfield code="z">Contiene Libro, CD-ROM, Colores, Rompecabezas, Loteria y Stickers de Animales.
</subfield>
  </datafield>
  <datafield tag="952" ind1=" " ind2=" ">
    <subfield code="0">0</subfield>
    <subfield code="1">0</subfield>
    <subfield code="2">ddc</subfield>
    <subfield code="4">0</subfield>
    <subfield code="7">0</subfield>
    <subfield code="8">HEMEROTECA</subfield>
    <subfield code="a">Bogota</subfield>
    <subfield code="b">Bogota</subfield>
    <subfield code="d">2015-06-25</subfield>
    <subfield code="l">0</subfield>
    <subfield code="o">K-0002</subfield>
    <subfield code="p">039098</subfield>
    <subfield code="r">2015-06-25 00:00:00</subfield>
    <subfield code="t">Ej. 1</subfield>
    <subfield code="w">2015-06-25</subfield>
    <subfield code="x">Donaci&#xF3;n</subfield>
    <subfield code="y">LIBRO</subfield>
  </datafield>
  <datafield tag="952" ind1=" " ind2=" ">
    <subfield code="0">0</subfield>
    <subfield code="1">0</subfield>
    <subfield code="2">ddc</subfield>
    <subfield code="4">0</subfield>
    <subfield code="7">0</subfield>
    <subfield code="8">HEMEROTECA</subfield>
    <subfield code="a">Bogota</subfield>
    <subfield code="b">Bogota</subfield>
    <subfield code="d">2015-06-25</subfield>
    <subfield code="l">0</subfield>
    <subfield code="o">K-0002</subfield>
    <subfield code="p">039100</subfield>
    <subfield code="r">2015-06-25 00:00:00</subfield>
    <subfield code="t">Ej. 1</subfield>
    <subfield code="w">2015-06-25</subfield>
    <subfield code="x">Donaci&#xF3;n</subfield>
    <subfield code="y">CD-ROM</subfield>
  </datafield>
</record>
